000 01303cam a2200313 a 4500
001 1547050
003 ARRUPE
005 20160404122918.0
008 910205s1990 sw b b 000 0 eng
010 _a 91113724
020 _a9171063048
040 _aDLC
_cDLC
_dDLC
043 _af-bs---
050 0 0 _aKQK215.5R43Z48
082 0 0 _a342.6883/083
_a346.8830283
_220
100 1 _aZetterqvist, Jenny.
_923529
245 1 0 _aRefugees in Botswana in the light of international law /
_cJenny Zetterqvist.
260 _aUppsala :
_bScandinavian Institute of African Studies,
_c1990.
300 _a83 p.;
_bmaps ;
_c25 cm.
490 1 _aResearch report,
_x0080-6714 ;
_vno. 87
501 _aWith: Refugees in a chess game / Medard Rwelamira. Uppsala : Scandinavian Institute of African Studies, 1990. Bound together subsequent to publication.
_5DLC
504 _aIncludes bibliographical references (p. 78-83).
650 0 _aPolitical refugees
_xLegal status, laws, etc.
_zBotswana.
_923530
650 0 _aAsylum, Right of
_zBotswana.
_923531
830 0 _aResearch report (Nordiska Afrikainstitutet) ;
_vno. 87.
_923532
906 _a7
_bcbc
_corignew
_d3
_encip
_f19
_gy-gencatlg
942 _2lcc
_cMONOGRAPH
999 _c124527
_d124527